LEADER 00862nam0-22003011i-450- 001 990005613480403321 005 20060505104847.0 010 $a0714818941 035 $a000561348 035 $aFED01000561348 035 $a(Aleph)000561348FED01 035 $a000561348 100 $a19990604d1974----km-y0itay50------ba 101 0 $aeng 105 $aa-------00--- 200 1 $aOrigins of modern sculpture$ePioneers and premises$fAlbert E. Elsen 210 $aOxford$cPhaidon$d1974 215 $aIX, 179 p.$cill.$d25 cm 610 0 $aScultura contemporanea$aStudi 676 $a735.23$v21$zita 700 1$aElsen,$bAlbert E.$0216595 801 0$aIT$bUNINA$gRICA$2UNIMARC 901 $aBK 912 $a990005613480403321 952 $a735.23 ELS 1$bST. ARTE 14260$fFLFBC 959 $aFLFBC 996 $aOrigins of modern sculpture$9603346 997 $aUNINA LEADER 02139nas 2200601- 450 001 9910255433503321 005 20260218113043.0 011 $a1743-761X 035 $a(DE-599)ZDB2388871-4 035 $a(CKB)1000000000257072 035 $a(CONSER)--2016207193 035 $a(DE-599)2388871-4 035 $a(EXLCZ)991000000000257072 100 $a20070105a20069999 --- a 101 0 $aeng 181 $ctxt$2rdacontent 182 $cc$2rdamedia 183 $acr$2rdacarrier 200 00$aInternational journal of sustainable development and planning 210 1$aSouthampton, UK :$cWIT Press 210 31$aEdmonton, AB, Canada :$cIIETA 215 $a1 online resource 300 $aRefereed/Peer-reviewed 311 08$aPrint version: International journal of sustainable development and planning. 1743-7601 (DLC) 2016207193 (OCoLC)77536638 517 3 $aSustainable development and planning 517 0 $aIJSDP 517 1 $aSustainable development and planning journal 531 $aINTERNATIONAL JOURNAL OF SUSTAINABLE DEVELOPMENT & PLANNING 606 $aSustainable development$vPeriodicals 606 $aEcology$vPeriodicals 606 $aEconomic development$xEnvironmental aspects$vPeriodicals 606 $aSustainable development$xPeriodicals 606 $aEcology$2fast 606 $aEconomic development$xEnvironmental aspects$2fast 606 $aSustainable development$2fast 608 $aPeriodicals.$2fast 615 0$aSustainable development 615 0$aEcology 615 0$aEconomic development$xEnvironmental aspects 615 5$aSustainable development$xPeriodicals. 615 7$aEcology. 615 7$aEconomic development$xEnvironmental aspects. 615 7$aSustainable development. 676 $a338.9 676 $a304.2/05 686 $acollissn$2lacc 686 $acci1icc$2lacc 712 02$aInternational Information & Engineering Technology Association. 906 $aJOURNAL 912 $a9910255433503321 920 $aexl_impl conversion 996 $aInternational journal of sustainable development and planning$92231618 997 $aUNINA